000 00550nam a2200193 i 4500
001 35951
003 ES-MaACL
005 20230906155244.0
007 t|
008 030214s1926 fr ||||1| fre d
100 1 _aBremond, Henri.
_931573
245 1 3 _aLa poesie pure avec un debat sur la poesie par Robert de Souza /
_cHenri Bremond.
260 _aParis :
_bBernard Grasset,
_c1926.
300 _a321 p. ;
_c19 cm.
490 1 _aPolonnaire ;
_v3
830 0 _aPolonnaire ;
_v3
_9229558
852 _aES-MaACL
_jA-2761
999 _c35951
_d35951